000 00502nam a2200181Ia 4500
008 100921s9999 xx 000 0 und d
082 _b10724
_a820 थ 58
100 _a---
245 _aCo-Operative Societies Vol II.
260 _b---
_c1958
300 _a200
_b---
365 _b1.46
520 _aललित इंग्रजी.
630 _aCo-Operative Societies Vol II.
650 _aललित इंग्रजी.
730 _aCo-Operative Societies Vol II.
942 _cBOOK
999 _c759837
_d759834